Mathematical economic theory : (Record no. 3274)

000 -LEADER
fixed length control field 01319pam a2200313 a 4500
001 - CONTROL NUMBER
control field 3015841
003 - CONTROL NUMBER IDENTIFIER
control field OSt
005 - DATE AND TIME OF LATEST TRANSACTION
control field 20180117090002.0
008 - FIXED-LENGTH DATA ELEMENTS--GENERAL INFORMATION
fixed length control field 940902s1995 ne a b 001 0 eng
010 ## - LIBRARY OF CONGRESS CONTROL NUMBER
LC control number 94033657
020 ## - INTERNATIONAL STANDARD BOOK NUMBER
International Standard Book Number 0444894438 (acidfree paper)
040 ## - CATALOGING SOURCE
Original cataloging agency DLC
Transcribing agency DLC
Modifying agency DLC
050 00 - LIBRARY OF CONGRESS CALL NUMBER
Classification number HB135
Item number .M3324 1995
082 00 - DEWEY DECIMAL CLASSIFICATION NUMBER
Classification number 330/.01/51
Edition number 20
100 1# - MAIN ENTRY--PERSONAL NAME
Personal name Makarov, V. L.
Fuller form of name (Valeriĭ Leonidovich)
245 10 - TITLE STATEMENT
Title Mathematical economic theory :
Remainder of title pure and mixed types of economic mechanisms /
Statement of responsibility, etc. Valery L. Makarov, Mark J. Levin, Alexander M. Rubinov.
260 ## - PUBLICATION, DISTRIBUTION, ETC.
Place of publication, distribution, etc. Amsterdam ;
-- New York :
Name of publisher, distributor, etc. Elsevier,
Date of publication, distribution, etc. 1995.
300 ## - PHYSICAL DESCRIPTION
Extent xx, 610 p. :
Other physical details ill. ;
Dimensions 24 cm.
440 #0 - SERIES STATEMENT/ADDED ENTRY--TITLE
Title Advanced textbooks in economics ;
Volume/sequential designation v. 33
504 ## - BIBLIOGRAPHY, ETC. NOTE
Bibliography, etc. note Includes bibliographical references (p. 595-604) and index.
650 #0 - SUBJECT ADDED ENTRY--TOPICAL TERM
Topical term or geographic name entry element Economics, Mathematical.
650 #0 - SUBJECT ADDED ENTRY--TOPICAL TERM
Topical term or geographic name entry element Economics
General subdivision Mathematical models.
700 1# - ADDED ENTRY--PERSONAL NAME
Personal name Levin, M. I.
Fuller form of name (Mark Iosifovich)
700 1# - ADDED ENTRY--PERSONAL NAME
Personal name Rubinov, Aleksandr Moiseevich.
906 ## - LOCAL DATA ELEMENT F, LDF (RLIN)
a 7
b cbc
c orignew
d 1
e ocip
f 19
g y-gencatlg
942 ## - ADDED ENTRY ELEMENTS (KOHA)
Source of classification or shelving scheme
Koha item type Book
Holdings
Withdrawn status Lost status Source of classification or shelving scheme Damaged status Not for loan Permanent Location Current Location Shelving location Date acquired Full call number Barcode Date last seen Price effective from Koha item type
          Central Library (CL) Central Library (CL) General Stacks 05/31/2016 330.0151 MAK S3H-N-749 05/31/2016 05/31/2016 Book
© 2023 Central Library, National University of Sciences and Technology. All Rights Reserved.